000 00786nam a22002417a 4500
003 UA-OsUOA
001 79780
007 ta
008 20111121b un ||||| |||| 00| 0 ukr d
100 _aГерасименко С.С.
700 _aЧуприна О.А.
700 _aЧуприна О.О.
090 _a330(477)
_bГ37
942 _cSA
040 _aUA-OsUOA
_bukr
_cUA-OsUOA
_dUA-OsUOA
245 _aФормування ознакової множини для порівняльного оцінювання соціально-еономічного розвитку
300 _aС.4-8
955 _a0
041 _aukr
080 _a330(477)
773 0 _w79778
_tСтатистика України
_dК.
_d2011
_g3
650 7 _a330 Економіка взагалі
_2UDC
999 _c366127
_d366127